[Event "Druzynowe Mistrzostwa Polski Juniorow - Ekstraliga"]
[Site "Osrodek Wczasowo - Szkoleniowy "Relax" ul. Stroma 20, 43-450 Ustron"]
[Date "2011-07-01"]
[Round "7.25"]
[White "Lapaj, Mateusz"]
[Black "Sadzikowski, Daniel"]
[Result "1/2-1/2"]
[WhiteTitle "I+"]
[BlackTitle "FM"]
[WhiteElo "2021"]
[BlackElo "2374"]

1. e4 c5 2. Nc3 Nc6 3. Nge2 g6 4. g3 Bg7 5. Bg2 Rb8 6. d3 b5 7. a3 d6 8. Be3 Nd4
9. Rb1 e6 10. O-O Ne7 11. Kh1 O-O 12. Ng1 a5 13. Nce2 b4 14. axb4 axb4 15. c3
Nxe2 16. Nxe2 bxc3 17. bxc3 Rxb1 18. Qxb1 Ba6 19. Qc2 Nc6 20. Rd1 Qb6 21. Rb1
Qa5 22. f4 Rc8 23. Bh3 h5 24. f5 exf5 25. exf5 Re8 26. Bf4 Ne5 27. Bxe5 dxe5 28.
fxg6 fxg6 29. c4 e4 30. Bg2 Bc8 31. Bxe4 Bf5 32. Bxf5 gxf5 33. Nf4 Re1+ 34. Rxe1
Qxe1+ 35. Kg2 h4 36. Qe2 Qxe2+ 37. Nxe2 Bf6 38. Kf3 Kf7 39. Kf4 Ke6 40. gxh4 Bxh4
41. Ng1 Be7 42. Nf3 Kf6 43. Ke3 Kg6 44. h3 Kf6 45. Kd2 Ke6 46. Ke3 Bf8 47. d4
Bh6+ 48. Kd3 cxd4 49. Kxd4 Bg7+ 50. Kc5 Bf8+ 51. Kb6 f4 52. c5 Kf5 53. c6 Bd6
54. Nd2 Kg6 55. c7 Bxc7+ 56. Kxc7 Kg5 57. Nf3+ Kf5 58. Kd6 Ke4 59. Ng5+ Kf5 60.
Nf3 Ke4 61. Nh2 f3 62. h4 f2 63. h5 1/2-1/2

[Event "Druzynowe Mistrzostwa Polski Juniorow - Ekstraliga"]
[Site "Osrodek Wczasowo - Szkoleniowy "Relax" ul. Stroma 20, 43-450 Ustron"]
[Date "2011-07-01"]
[Round "7.26"]
[White "Lewicki, Miroslaw"]
[Black "Szolc, Grzegorz"]
[Result "1/2-1/2"]
[WhiteTitle "CM"]
[BlackTitle "II"]
[WhiteElo "2196"]
[BlackElo "1733"]

1. e4 c5 2. Nf3 e6 3. c4 Nc6 4. Nc3 Nd4 5. d3 g6 6. Be3 Bg7 7. Bxd4 cxd4 8. Nb5
Qb6 9. Qa4 a6 10. b4 Rb8 11. Na3 Ne7 12. Be2 O-O 13. O-O d5 14. Rab1 Rd8 15. Qb3
dxe4 16. dxe4 Qc6 17. Bd3 e5 18. c5 Be6 19. Bc4 Bxc4 20. Nxc4 Qc7 21. Ng5 Nc8
22. Rbc1 Qe7 23. h4 h6 24. Nf3 Re8 25. Qd3 Kh8 26. a4 b5 27. cxb6 Nxb6 28. Na5
Ra8 29. Nc6 Qe6 30. a5 Nd7 31. Rc4 f5 32. Nd2 Nf6 33. exf5 gxf5 34. Re1 e4 35.
Qxd4 Ng4 36. Qb6 Qd6 37. Nf1 Re6 38. Ng3 Qd5 39. Qc5 Qxc5 40. Rxc5 Rc8 41. Rec1
f4 42. Nxe4 Rxe4 43. f3 Bb2 44. Rd1 Re6 45. fxg4 Rcxc6 46. Rxc6 Rxc6 47. Kf2 Bc3
48. Rd8+ Kg7 49. Rb8 Kf6 50. b5 Bd4+ 51. Kf3 axb5 52. Rxb5 Be5 53. Rb6 Rxb6 54.
axb6 Bb8 55. Ke4 Ke6 56. Kd4 Kd6 57. Ke4 Ke6 58. Kd4 Kd6 59. Kc4 Kc6 60. Kd4 Kd6
1/2-1/2

[Event "Druzynowe Mistrzostwa Polski Juniorow - Ekstraliga"]
[Site "Osrodek Wczasowo - Szkoleniowy "Relax" ul. Stroma 20, 43-450 Ustron"]
[Date "2011-07-01"]
[Round "7.27"]
[White "Rosicki, Marcin"]
[Black "Ulanowski, Karol"]
[Result "0-1"]
[WhiteTitle "II"]
[BlackTitle "I"]
[WhiteElo "1603"]
[BlackElo "1949"]

1. e4 c5 2. Nf3 d6 3. d4 cxd4 4. Nxd4 Nf6 5. Nc3 a6 6. Be2 e6 7. O-O Be7 8. f4
Qc7 9. Kh1 O-O 10. Qe1 Nbd7 11. Qg3 Re8 12. Be3 Bf8 13. Rad1 b5 14. Bf3 e5 15.
Nf5 Kh8 16. fxe5 dxe5 17. Rd2 Nb6 18. Bxb6 Qxb6 19. Nd5 Nxd5 20. Rxd5 Be6 21.
Rd2 f6 22. Qh4 Red8 23. Rfd1 Rxd2 24. Rxd2 Qa5 25. c3 Qxa2 26. h3 Bxf5 27. exf5
Rc8 28. Qh5 Qc4 29. Rd7 e4 30. Be2 Qc5 31. Qf7 Qf2 32. Rc7 Qe1+ 0-1

[Event "Druzynowe Mistrzostwa Polski Juniorow - Ekstraliga"]
[Site "Osrodek Wczasowo - Szkoleniowy "Relax" ul. Stroma 20, 43-450 Ustron"]
[Date "2011-07-01"]
[Round "7.28"]
[White "Drop, Szymon"]
[Black "Erdmann, Krzysztof"]
[Result "1-0"]
[WhiteTitle "II"]
[BlackTitle "II"]
[WhiteElo "1612"]
[BlackElo "1597"]

1. e4 e5 2. Nf3 Nc6 3. Bc4 Be7 4. O-O Nf6 5. d3 O-O 6. c3 d6 7. Re1 Bg4 8. Nbd2
a6 9. Bb3 Re8 10. Nf1 h6 11. Ng3 Bf8 12. h3 Bxf3 13. Qxf3 Na5 14. Bc2 d5 15. exd5
Qxd5 16. Ne4 Nxe4 17. Rxe4 Qd7 18. Qg3 Kh8 19. Rxe5 Bd6 20. Rxe8+ Rxe8 21. Bf4
Re2 22. Bxd6 cxd6 23. Rc1 Nc6 24. d4 Qe6 25. Qd3 g6 26. Kf1 1-0

[Event "Druzynowe Mistrzostwa Polski Juniorow - Ekstraliga"]
[Site "Osrodek Wczasowo - Szkoleniowy "Relax" ul. Stroma 20, 43-450 Ustron"]
[Date "2011-07-01"]
[Round "7.29"]
[White "Rudol, Maria"]
[Black "Chrzaszcz, Malvina"]
[Result "0-1"]
[WhiteTitle "II"]
[BlackTitle "k"]
[WhiteElo "1462"]
[BlackElo "2046"]

1. c4 e5 2. Nc3 Nf6 3. g3 d5 4. cxd5 Nxd5 5. Bg2 Nb6 6. d3 Nc6 7. Nf3 Be7 8. O-O
O-O 9. b3 f5 10. Bb2 Bf6 11. Qd2 Be6 12. Rac1 Rf7 13. Rfd1 Rd7 14. Qc2 Qe8 15.
Nb5 Rad8 16. Na3 Nd5 17. Nc4 Nd4 18. Nxd4 exd4 19. a3 c5 20. Nd2 Nc3 21. Bxc3
dxc3 22. Nb1 Qf7 23. Nxc3 Bxb3 24. Qd2 Bxd1 25. Qxd1 c4 26. Bf1 f4 27. Ne4 Bd4
28. Qa4 c3 29. Kh1 fxg3 30. hxg3 Bxf2 31. Bh3 Rd4 32. Qc2 Be3 33. Rf1 Qh5 34.
Kh2 Bd2 35. Rf2 Qe5 36. Qb3+ Kh8 37. Rf5 Qe8 38. Qc2 R4d5 39. Rf1 Rh5 40. Kg2
Qc6 41. Bg4 Rb5 42. Bf3 Rb2 43. Qd1 Be3 44. Qa1 Rxd3 45. Nf2 Rd5 46. Nd1 Rxe2+
47. Bxe2 Rxd1+ 48. Bf3 Rxa1 49. Rxa1 Qd6 50. Rd1 Bd2 51. Be4 Qxa3 0-1

[Event "Druzynowe Mistrzostwa Polski Juniorow - Ekstraliga"]
[Site "Osrodek Wczasowo - Szkoleniowy "Relax" ul. Stroma 20, 43-450 Ustron"]
[Date "2011-07-01"]
[Round "7.30"]
[White "Kasperek, Kinga"]
[Black "Rudol, Matylda"]
[Result "0-1"]
[WhiteTitle "II+"]
[BlackTitle "II"]
[WhiteElo "1493"]
[BlackElo "1466"]

1. c4 e5 2. Nc3 Nf6 3. g3 Bb4 4. Nd5 Nxd5 5. cxd5 d6 6. Bg2 O-O 7. a3 Bc5 8. d3
f5 9. Nf3 c6 10. O-O Qf6 11. dxc6 Nxc6 12. Rb1 f4 13. b4 Bb6 14. Bb2 fxg3 15.
hxg3 Qg6 16. d4 Bg4 17. Qb3+ Kh8 18. Kh2 Bxf3 19. exf3 Bxd4 20. Bxd4 Nxd4 21.
Qd5 Qh5+ 22. Kg1 Ne2# 0-1